Instant notes biochemistry

Instant Notes titles focus on core information and are designed to help undergraduate students come to grips with a subject quickly and easily. A major update of the highly popular second edition, with changes in the content and organization that reflect advances in the subject. New and expanded top...

Popoln opis

Shranjeno v:
Bibliografske podrobnosti
Glavni avtor: Hames, B. D.
Format: Knjiga
Jezik:Undetermined
Izdano: New York, N.Y. Taylor & Francis 2005
Teme:
Oznake: Označite
Brez oznak, prvi označite!
Thư viện lưu trữ: Trung tâm Học liệu Trường Đại học Cần Thơ
LEADER 01144nam a2200205Ia 4500
001 CTU_144269
008 210402s9999 xx 000 0 und d
020 |c 36 
082 |a 612.015 
082 |b H212 
100 |a Hames, B. D. 
245 0 |a Instant notes biochemistry 
245 0 |c David Hames and Nigel Hooper. 
260 |a New York, N.Y. 
260 |b Taylor & Francis 
260 |c 2005 
520 |a Instant Notes titles focus on core information and are designed to help undergraduate students come to grips with a subject quickly and easily. A major update of the highly popular second edition, with changes in the content and organization that reflect advances in the subject. New and expanded topics include cytoskeleton, molecular motors, bioimaging, biomembranes, cell signaling, protein structure, and enzyme regulation. As with the first two editions, the third edition of Instant Notes in Biochemistry provides the essential facts of biochemistry with detailed explanations and clear illustrations. 
650 |a Biochemistry,Hóa sinh học 
904 |i Năm 
980 |a Trung tâm Học liệu Trường Đại học Cần Thơ